Epirus Vetus : the archaeology of a late antique province
Αποθηκεύτηκε σε:
| Κύριος συγγραφέας: | |
|---|---|
| Μορφή: | Βιβλίο |
| Γλώσσα: | English |
| Δημοσίευση: |
London :
Duckworth,
2003
|
| Θέματα: | |
| Ετικέτες: |
Προσθήκη ετικέτας
Δεν υπάρχουν, Καταχωρήστε ετικέτα πρώτοι!
|
MARC
| LEADER | 00000nam a2200000 i 4500 | ||
|---|---|---|---|
| 001 | 1/100875 | ||
| 008 | 090209s2003 eng d | ||
| 020 | |a 0-7156-3116-0 | ||
| 035 | |l 10103033 | ||
| 040 | |a GR-MY-UA |b gre |e aacr | ||
| 041 | 0 | |a eng | |
| 082 | 0 | |a 938.2 |2 (22) | |
| 100 | 1 | |a Bowden, William. | |
| 245 | 1 | 0 | |a Epirus Vetus : |b the archaeology of a late antique province / |c William Bowden |
| 260 | |a London : |b Duckworth, |c 2003 | ||
| 300 | |a viii, 280 σ.; |b εικ., χάρτες; |c 25 εκ. | ||
| 504 | |a Βιβλιογραφία: σ. 257-274 | ||
| 504 | |a Ευρετήριο: σ. 275-280 | ||
| 651 | 0 | |a Epirus Vetus (Roman province) |x Antiquities. | |
| 651 | 0 | |a Epirus Vetus (Roman province) |x Social conditions. | |
| 852 | |a INST |b LESVOS |e 20090209 |h 938.2 BOW |p 005100044020 |q 005100044020 |t BK |y 0 | ||
| 901 | |a BIBL1-2009-1 | ||
| 909 | |a Λ |b 157622 | ||
| 922 | |a 1ΕΛΗ |b 200811 |c ΕΠΕΑΕΚ2/ΚΥΒ |d ΜΙΧΑΛΟΠΟΥΛΟΣ | ||
| 970 | |a ΓΙΑΛΑΜΑ |b ΜΑΡΙΑ |z 2009/02/09 | ||